Notas sobre democracia, participación: el caso de Nicaragua

সংরক্ষণ করুন:
গ্রন্থ-পঞ্জীর বিবরন
প্রধান লেখক: Bernales Alvarado, Manuel
বিন্যাস: পাঠ‍্য
প্রকাশিত: s.e.
ট্যাগগুলো: ট্যাগ যুক্ত করুন
কোনো ট্যাগ নেই, প্রথমজন হিসাবে ট্যাগ করুন!

MARC

LEADER 00000 a a2200000 04500
001 21008
003
040
090 |a 090500  
100 |a Bernales Alvarado, Manuel  
245 |a Notas sobre democracia, participación: el caso de Nicaragua  
260 |a s.e.  
300 |a 27 p.  
999 |c 10890  |d 10890